My Journey/ (Record no. 187415)

MARC details
000 -LEADER
fixed length control field 00545nam a22001817a 4500
005 - DATE AND TIME OF LATEST TRANSACTION
control field 20220419113911.0
010 ## - LCCN (DPL NO)
LC control number ENG-132311
020 ## - INTERNATIONAL STANDARD BOOK NUMBER
International Standard Book Number 9789380925745
Terms of availability 450.00
035 ## - SYSTEM CONTROL NUMBER
System control number EN-115843
037 ## - SOURCE OF ACQUISITION
Source of stock number/acquisition DBAD/PUB
082 ## - DEWEY DECIMAL CLASSIFICATION NUMBER
Classification number 954.1405092
100 ## - MAIN ENTRY--PERSONAL NAME
Personal name Banerjee, Mamata
245 ## - TITLE STATEMENT
Title My Journey/
Statement of responsibility, etc Mamata Banerjee
260 ## - PUBLICATION, DISTRIBUTION, ETC. (IMPRINT)
Place of publication, distribution, etc New Delhi
Name of publisher, distributor, etc BEE Books
Date of publication, distribution, etc 2018
270 ## - ADDRESS
Address 4858/24, Lower Ground Floor (Basement), Ansari Road, Daryaganj
City New Delhi
Postal code 110002
300 ## - PHYSICAL DESCRIPTION
Extent 180p.
Dimensions 25cm(pbk)
942 ## - ADDED ENTRY ELEMENTS (KOHA)
Source of classification or shelving scheme Dewey Decimal Classification
Item type English Books
Classification part 954.1405092
Call number suffix BAN
Holdings
Withdrawn status Lost status Not for loan Collection code Home library Current library Date acquired Source of acquisition Cost, normal purchase price Full call number Barcode Copy number Cost, replacement price Koha item type
      Non-fiction Central Library Central Library 19/04/2022 DBAD/PUB 450.00 954.1405092 BAN EN-115843 1 450.00 English Books

© Delhi Public Library
Hit Counter
free hit counter